00774cam a22002294a 45000010009000000050017000090080041000260200015000670200018000820500022001000820021001221000021001432450067001642500012002312600035002433000033002785000020003116500030003317000021003618560087003828560075004691268737420241214145431.0020226s2003 maua 001 0 eng  a0072350806 a978007235080700aQM151 b.S76 200300a611/.73/02222211 aStone, Robert J.10aAtlas of skeletal muscles /cRobert J. Stone, Judith A. Stone. a4th ed. aBoston :bMcGraw-Hill,cc2003. aix, 217 p. :bill. ;c28 cm. aIncludes index. 0aStriated musclevAtlases.1 aStone, Judith A.423Publisher descriptionuhttp://www.loc.gov/catdir/description/mh022/2002025082.html413Table of contentsuhttp://www.loc.gov/catdir/toc/mh021/2002025082.html